|
|
|
|
| LEADER |
00000nlm0a2200000 4500 |
| 001 |
643559 |
| 005 |
20231226111020.0 |
| 029 |
1 |
0 |
|a RU
|b 2437901
|c Пат.
|d МПК C 08 J 11/16
|d МПК C 08 L 27/18
|d МПК B 29 B 17/04
|
| 035 |
|
|
|a (RuTPU)RU\TPU\network\8554
|
| 035 |
|
|
|a RU\TPU\network\8552
|
| 039 |
0 |
|
|a RU
|b 2010127070/05
|c 20100701
|
| 090 |
|
|
|a 643559
|
| 100 |
|
|
|a 20150915j20111227k y0rusy50 ca
|
| 101 |
0 |
|
|a rus
|
| 102 |
|
|
|a RU
|
| 105 |
|
|
|a a k 000zy
|
| 135 |
|
|
|a drcn ---uucaa
|
| 181 |
|
0 |
|a i
|
| 182 |
|
0 |
|a b
|
| 200 |
1 |
|
|a Способ переработки отходов политетрафторэтилена
|f А. С. Кантаев, В. М. Бузник, А. Н. Дьяченко
|g Национальный исследовательский Томский политехнический университет (ТПУ)
|
| 203 |
|
|
|a Текст
|c электронный
|
| 300 |
|
|
|a опубл. 27.12.11
|
| 330 |
|
|
|a Изобретение относится к переработке отходов политетрафторэтилена (ПТФЭ) с получением дисперсных порошков для создания антикоррозийных, термоустойчивых и химически стойких покрытий. Способ включает процесс термодеструкции, процесс сублимации продуктов разложения, процесс конденсации. ПТФЭ предварительно смешивают с гидродифторидом аммония (NH4HF2) в соотношении от 99:1 до 2,3:1 по массе. Смесь выдерживают при 560-590°С в течение от 1 до 1,5 часов. Образованную газовую фазу при нагревании смеси собирают и конденсируют при 10-90°С. Изобретение позволяет получать дисперсный порошок с выходом более 60% и достаточной адгезионной способностью.
|
| 610 |
1 |
|
|a патенты
|
| 610 |
1 |
|
|a труды учёных ТПУ
|
| 610 |
1 |
|
|a электронный ресурс
|
| 610 |
1 |
|
|a изобретения
|
| 700 |
|
1 |
|a Кантаев
|b А. С.
|c химик-технолог
|c доцент Томского политехнического университета, кандидат наук
|f 1981-
|g Александр Сергеевич
|3 (RuTPU)RU\TPU\pers\27913
|9 12916
|
| 701 |
|
1 |
|a Бузник
|b В. М.
|c химик-технолог
|c профессор Томского политехнического университета, доктор наук
|f 1945-
|g Вячеслав Михайлович
|3 (RuTPU)RU\TPU\pers\42158
|
| 701 |
|
1 |
|a Дьяченко
|b А. Н.
|c химик-технолог
|c профессор Томского политехнического университета, доктор технических наук
|f 1977-
|g Александр Николаевич
|3 (RuTPU)RU\TPU\pers\27691
|
| 712 |
0 |
2 |
|a Национальный исследовательский Томский политехнический университет (ТПУ)
|c (2009- )
|3 (RuTPU)RU\TPU\col\15902
|
| 801 |
|
1 |
|a RU
|b 63413507
|c 20120201
|
| 801 |
|
2 |
|a RU
|b 63413507
|c 20230131
|g RCR
|
| 856 |
4 |
|
|u http://www1.fips.ru/Archive/PAT/2011FULL/2011.12.27/DOC/RUNWC1/000/000/002/437/901/document.pdf
|
| 942 |
|
|
|c CF
|